[Event "11th Master Open"]
[Site "Voronezh RUS"]
[Date "2007.06.20"]
[Round "8"]
[White "Ulko,J"]
[Black "Kokarev,Dm"]
[Result "1/2-1/2"]
[WhiteElo "2486"]
[BlackElo "2546"]

1.d4 Nf6 2.Nf3 g6 3.c4 Bg7 4.Nc3 O-O 5.e4 d6 6.Be2 e5 7.Be3 Ng4 8.Bg5 f6
9.Bc1 exd4 10.Nxd4 f5 11.O-O Nc6 12.Nxc6 bxc6 13.h3 Nh6 14.Qa4 Bd7 15.Bxh6 Bxh6
16.exf5 c5 17.Qa5 Bxf5 18.Bf3 Rb8 19.Nb5 Be6 20.Bd5 Bxd5 21.cxd5 Bd2 22.Qxd2 Rxb5
23.Rae1 Qf6 24.b3 Rb4 25.Re6 Qf4 26.Qe2 Rd4 27.Re7 Rf7 28.Rxf7 Qxf7 29.Qa6 Rxd5
30.Qxa7 Rd2  1/2-1/2

[Event "Masters"]
[Site "Grenoble FRA"]
[Date "2007.06.21"]
[Round "2"]
[White "Di Paolo,R"]
[Black "Aguettaz,M"]
[Result "0-1"]
[WhiteElo "2341"]
[BlackElo "2329"]

1.d4 Nf6 2.c4 g6 3.Nc3 Bg7 4.e4 d6 5.Nf3 O-O 6.Be2 e5 7.d5 a5 8.Bg5 h6 9.Bh4 Na6
10.Nd2 Qe8 11.a3 Bd7 12.b3 Nh7 13.O-O h5 14.f3 Bh6 15.Rb1 Be3+ 16.Kh1 Bc5
17.Qc1 Kg7 18.Na2 g5 19.Be1 f5 20.b4 Be3 21.Qc3 f4 22.Bf2 Bxf2 23.Rxf2 g4
24.fxg4 hxg4 25.c5 axb4 26.axb4 Ng5 27.Nc1 Qh5 28.Kg1 f3 29.Bf1 g3 30.hxg3 Rh8
31.Rxf3 Nxf3+ 32.Nxf3 Raf8 33.Be2 Qh1+ 34.Kf2 Rh2 35.Bf1 Bg4  0-1

[Event "III Perla Baltyku A"]
[Site "Mielno POL"]
[Date "2007.06.23"]
[Round "7"]
[White "Schmidt,Wl"]
[Black "Kanarek,M"]
[Result "0-1"]
[WhiteElo "2415"]
[BlackElo "2225"]

1.d4 Nf6 2.c4 g6 3.Nc3 Bg7 4.e4 d6 5.Nf3 O-O 6.Be2 e5 7.O-O Nbd7 8.Re1 c6
9.Bf1 a5 10.Rb1 Qe7 11.d5 Nc5 12.Nd2 Bh6 13.b3 Bd7 14.a3 cxd5 15.cxd5 b5
16.b4 axb4 17.Rxb4 Rab8 18.Ndb1 Bxc1 19.Qxc1 Rfc8 20.Qe3 Qd8 21.Bxb5 Bxb5
22.Nxb5 Ncxe4 23.Na7 Rxb4 24.axb4 Rc4 25.Nc6 Qc7 26.Qe2 Qb6 27.Rf1 Rxb4 28.Nxb4 Qxb4
29.f3 Nc5 30.Qd2 Qxd2 31.Nxd2 Nxd5 32.Nc4 e4 33.Nxd6 e3 34.Nc4 Nd3 35.Nxe3 Nxe3
36.Ra1 Nf4 37.g3 Ne6 38.Kf2 Nf5 39.h4 Kg7 40.Ra7 h5 41.Rd7 Kf6 42.Ra7 Nc5
43.Ra3 Ke6 44.Kg2 Nd7 45.Ra6+ Ke5 46.Ra7 Kd6 47.Ra6+ Kd5 48.Ra7 Ne5 49.Ra5+ Kd4
50.Ra7 Ke3 51.f4 Ng4 52.Rxf7 Ke2 53.Ra7 Nfe3+ 54.Kh3 Kf3 55.Ra3 Kf2 56.Ra1 Ke2
57.Ra2+ Kf3 58.Ra3 Kf2 59.Ra2+ Kg1 60.Ra1+ Nf1  0-1

[Event "III Perla Baltyku A"]
[Site "Mielno POL"]
[Date "2007.06.23"]
[Round "7"]
[White "Birjukov,S"]
[Black "Pigula,M"]
[Result "1/2-1/2"]
[WhiteElo "2273"]
[BlackElo "2093"]

1.d4 Nf6 2.c4 g6 3.Nc3 Bg7 4.e4 d6 5.Nf3 O-O 6.Be3 e5 7.Be2 Nbd7 8.O-O Re8
9.d5 a5 10.Nd2 Nc5 11.a3 Na6 12.b4 Nd7 13.c5 f5 14.Bxa6 Rxa6 15.f3 f4 16.Bf2 dxc5
17.bxc5 Bf8 18.Na4 g5 19.Rc1 Rh6 20.c6 bxc6 21.dxc6 Nb8 22.Qb3+ Be6 23.Qb2 Bf7
24.Rfd1 Nxc6 25.Nc4 Qb8 26.Qxb8 Rxb8 27.Nc5 Rb5 28.Nd7 Bxc4 29.Rxc4 Bxa3
30.h3 Kf7 31.Rd5 Rxd5 32.exd5 Ne7 33.Nxe5+ Ke8 34.Bc5 Bxc5+ 35.Rxc5 Rd6 36.Rxa5 Nxd5
37.Nc4 Rd8 38.Nd2 Kf7 39.Ne4 h6 40.Rc5 Rd7 41.Rc6 Kg7 42.Kh2 Ne7 43.Rc5 c6
44.h4 gxh4 45.Kh3 Rd5 46.Rc4 h5 47.Nc3 Rf5 48.Ne2 Ng6 49.Rxc6 Rf6 50.Rc5 Kh6
51.Nd4 Ra6 52.Nf5+ Kh7 53.Rc7+ Kg8 54.Nh6+ Kf8 55.Rf7+ Ke8 56.Rf5 Ra1 57.Kh2 h3
58.gxh3 Ra3 59.Rxh5 Rxf3 60.Nf5  1/2-1/2

[Event "XXV Balaton GM"]
[Site "Balatonlelle HUN"]
[Date "2007.06.24"]
[Round "9"]
[White "Berczes,D"]
[Black "Vajda,L"]
[Result "1/2-1/2"]
[WhiteElo "2442"]
[BlackElo "2549"]

1.d4 Nf6 2.c4 g6 3.Nc3 Bg7 4.e4 d6 5.Nf3 O-O 6.Be2 Nbd7 7.O-O e5 8.Qc2 exd4
9.Nxd4 Re8 10.Be3 c6 11.Rfd1 Qe7 12.Bg5  1/2-1/2

[Event "King's Gambit A"]
[Site "Lipetsk RUS"]
[Date "2007.06.25"]
[Round "5"]
[White "Zontakh,A"]
[Black "Sjugirov,S"]
[Result "1-0"]
[WhiteElo "2549"]
[BlackElo "2395"]

1.d4 Nf6 2.c4 g6 3.Nc3 Bg7 4.e4 d6 5.Nf3 O-O 6.Be2 e5 7.Be3 Ng4 8.Bg5 f6
9.Bh4 Nc6 10.d5 Ne7 11.Nd2 Nh6 12.f3 c5 13.dxc6 bxc6 14.b4 Kh8 15.Bf2 Be6
16.Nb3 d5 17.O-O d4 18.Na4 Bg8 19.Nac5 Qd6 20.b5 Rfc8 21.a4 Nf7 22.Be1 Bh6
23.Bb4 Nd8 24.Nd3 Qd7 25.Nbc5 Qe8 26.f4 Bg7 27.fxe5 fxe5 28.Bg4 Bxc4 29.Bd7 Qg8
30.Na6 c5 31.Bxc5 Rxc5 32.Naxc5 Nc8 33.a5 Nd6 34.Rb1 Rb8 35.b6 axb6 36.Rxb6 Rxb6
37.axb6 N8b7 38.Nxb7 Nxb7 39.Qc2 Bh6 40.Ra1 Bxd3 41.Qxd3 Qd8 42.Qb5 d3 43.Rb1 Be3+
44.Kh1 Nc5 45.b7 Nxd7 46.Qxd7 Qxd7 47.b8=Q+ Kg7 48.Rb7  1-0

[Event "III Perla Baltyku A"]
[Site "Mielno POL"]
[Date "2007.06.25"]
[Round "9"]
[White "Reshetnikov,E"]
[Black "Fistek,D"]
[Result "1/2-1/2"]
[WhiteElo "2302"]
[BlackElo "2164"]

1.d4 Nf6 2.c4 g6 3.Nc3 Bg7 4.e4 d6 5.Be2 O-O 6.Nf3 Nbd7 7.O-O e5 8.Re1 c6
9.Bf1 Re8 10.d5 Qe7 11.dxc6 bxc6 12.b3 Nf8 13.Ba3 Rd8 14.h3 Nh5 15.Qc1 Ne6
16.c5 Nxc5 17.Bxc5 dxc5 18.Na4 Qf6 19.Qg5 Qxg5 20.Nxg5 h6 21.Nf3 Nf4 22.Red1 Rxd1
23.Rxd1 Ne6 24.Rc1 Nd4 25.Nd2 Bf8 26.Nxc5 Kg7 27.Nd3 f6 28.Nc4 Ba6 29.f3 Rd8
30.Kf2 Bb5 31.Rc3 Ne6 32.Ncb2 Ba3 33.Nc4 Be7 34.Ncb2  1/2-1/2

[Event "White Nights"]
[Site "St Petersburg RUS"]
[Date "2007.06.25"]
[Round "1"]
[White "Kopasov,A"]
[Black "Soloviov,Sergei"]
[Result "0-1"]
[WhiteElo "2063"]
[BlackElo "2422"]

1.d4 Nf6 2.c4 g6 3.Nc3 Bg7 4.e4 d6 5.Be2 O-O 6.Nf3 e5 7.dxe5 dxe5 8.Qxd8 Rxd8
9.Bg5 Re8 10.Nd5 Nxd5 11.cxd5 c6 12.Bc4 b5 13.Bb3 a5 14.dxc6 Nxc6 15.Bd5 Bd7
16.Rd1 Rf8 17.Be3 Rab8 18.Ng5 Nd4 19.Rc1 h6 20.Rc7 Rbd8 21.Nf3 Bg4 22.Nxd4 exd4
23.Bd2 Rc8 24.Rb7 b4 25.f3 Be6 26.Bxe6 fxe6 27.Ke2 d3+ 28.Kxd3 Rfd8+ 29.Ke3 Rc2
30.Bc1 Rxg2 31.Rb5 Bd4+ 32.Kd3 Bxb2+ 33.Kc4 Rc8+  0-1

[Event "King's Gambit A"]
[Site "Lipetsk RUS"]
[Date "2007.06.26"]
[Round "6"]
[White "Zubarev,Al1"]
[Black "Gladyszev,O"]
[Result "1-0"]
[WhiteElo "2511"]
[BlackElo "2485"]

1.d4 Nf6 2.c4 g6 3.Nc3 Bg7 4.e4 d6 5.Nf3 O-O 6.Be2 e5 7.Be3 Na6 8.O-O Ng4
9.Bg5 Qe8 10.c5 h6 11.Bh4 exd4 12.Nd5 Qxe4 13.Ne7+ Kh8 14.cxd6 Ne5 15.Nxe5 Bxe5
16.Bg3 Bxg3 17.hxg3 Qe5 18.Bxa6 bxa6 19.Qc1 Kg7 20.Qxc7 Be6 21.Rfe1 Qf6 22.Rad1 Rfd8
23.Qc5 Rab8 24.b3 Rb6 25.Rxd4 Rb5 26.Qxa7 Bf5 27.Qxa6 Qxd4 28.Qxb5 Bd3 29.Qe5+ Qxe5
30.Rxe5 Bb1 31.Rd5 Bxa2 32.d7 Bxb3 33.Nc6  1-0

[Event "King's Gambit B"]
[Site "Lipetsk RUS"]
[Date "2007.06.26"]
[Round "6"]
[White "Truskavetsky,A"]
[Black "Barbashin,I"]
[Result "1/2-1/2"]
[WhiteElo "2377"]
[BlackElo "2300"]

1.d4 Nf6 2.c4 d6 3.Nf3 g6 4.Nc3 Bg7 5.e4 O-O 6.Be2 e5 7.O-O exd4 8.Nxd4 Re8
9.f3 Nbd7 10.Re1 Nc5 11.Be3 c6 12.Qd2 Qe7 13.Rad1 Nfd7 14.Bf1 Ne5 15.Nc2 Bf8
16.Bh6 Bxh6 17.Qxh6 Be6 18.b3 Rad8 19.Qe3 a5 20.h3 f6 21.f4 Nf7 22.Qg3 Bc8
23.Nd4 Kh8 24.a3 Qf8 25.h4 Re7 26.f5 Ne5 27.b4 axb4 28.axb4 Na6 29.fxg6 hxg6
30.Rb1 Nc7 31.Red1 Rde8 32.b5 Rh7 33.bxc6 bxc6 34.Nf3 Ne6 35.Rb8 Bd7 36.Rxe8 Bxe8
37.Be2 Ra7 38.Qe1 Qe7 39.Qd2 Nf7 40.Nd4 Nxd4 41.Qxd4 Kg7 42.h5 Ra5 43.hxg6 Kxg6
44.Bf3 Bd7 45.Ne2 Qe5 46.Qxe5 fxe5 47.Ng3 Kf6 48.Bh5 Be6 49.Rf1+ Ke7 50.Bxf7 Bxf7
51.Nf5+ Kd7 52.Rd1 d5 53.exd5 cxd5 54.cxd5 Bxd5 55.Ne3  1/2-1/2

[Event "Open"]
[Site "Pula CRO"]
[Date "2007.06.26"]
[Round "4"]
[White "Tratar,M"]
[Black "Andersen,L NOR"]
[Result "1-0"]
[WhiteElo "2476"]
[BlackElo "2247"]

1.d4 Nf6 2.Nf3 g6 3.c4 Bg7 4.Nc3 d6 5.e4 O-O 6.Be2 e5 7.d5 Nh5 8.g3 f5 9.exf5 Bxf5
10.Ng5 Nf6 11.g4 Bd7 12.Be3 Na6 13.h4 Qe7 14.Nge4 b6 15.Ng3 Rf7 16.g5 Ne8
17.h5 Bf5 18.hxg6 Bxg6 19.Bh5 e4 20.Bxg6 hxg6 21.Ngxe4 Nc5 22.Qc2 Rf5 23.O-O-O Nd7
24.f4 Bxc3 25.Qxc3 Ng7 26.Ng3 Rf7 27.Rh6 Re8 28.Rdh1 Qxe3+ 29.Qxe3 Rxe3 30.Rh8+  1-0

[Event "White Nights"]
[Site "St Petersburg RUS"]
[Date "2007.06.26"]
[Round "2"]
[White "Golovenchits,B"]
[Black "Chernenko,I"]
[Result "0-1"]
[WhiteElo "2043"]
[BlackElo "1787"]

1.d4 Nf6 2.c4 g6 3.Nc3 Bg7 4.e4 d6 5.Nf3 O-O 6.Be2 e5 7.Be3 exd4 8.Nxd4 Re8
9.f3 Nc6 10.O-O Nh5 11.f4 Nf6 12.Nxc6 bxc6 13.Bf3 Rb8 14.e5 Nd7 15.Qd2 c5
16.Bc6 Bb7 17.Bxb7 Rxb7 18.Rad1 Nb6 19.Bxc5 Nxc4 20.Qd5 Qa8 21.Qxc4 dxc5
22.Rf2 Rb4 23.Qxc5 Bf8 24.Qa5 Reb8 25.Rdd2 Qc6 26.Qd5 Qb6 27.Kh1 Qe3 28.Rde2 Qc1+
29.Nd1 Rxf4 30.e6 Rb5 31.exf7+ Kg7 32.Qd2 Qxd2 33.Rxd2 Rxf2 34.Rxf2 Rf5 35.Rxf5 gxf5
36.Ne3 f4 37.Nd5 Bd6 38.Kg1 Kxf7 39.Kf2 Ke6 40.Nc3 Ke5 41.Kf3 a6 42.a3 c5
43.Ne4 Be7 44.b3 c4 45.b4 Kd4 46.Kxf4 c3 47.Nxc3 Kxc3 48.g3 Bxb4 49.axb4 Kxb4
50.h4 a5 51.g4 a4 52.Kg5 a3 53.Kh6 a2 54.Kxh7 a1=Q 55.h5 Qa7+ 56.Kg6 Qb6+
57.Kf5 Qh6  0-1

[Event "White Nights"]
[Site "St Petersburg RUS"]
[Date "2007.06.27"]
[Round "3"]
[White "Yevseev,D"]
[Black "Kostin,S"]
[Result "1/2-1/2"]
[WhiteElo "2525"]
[BlackElo "2284"]

1.d4 Nf6 2.c4 g6 3.Nc3 Bg7 4.e4 d6 5.Be2 O-O 6.Nf3 e5 7.Be3 exd4 8.Nxd4 Re8
9.f3 Nc6 10.Qd2 Nh5 11.Bg5 f6 12.Nxc6 bxc6 13.Bh6 f5 14.Bxg7 Nxg7 15.O-O-O Qf6
16.exf5 gxf5 17.f4 Rb8 18.Bf3 Bd7 19.Rhe1 Ne6 20.g3 Rb4 21.b3 Reb8 22.Re3 a5  1/2-1/2

[Event "White Nights"]
[Site "St Petersburg RUS"]
[Date "2007.06.27"]
[Round "3"]
[White "Romanov,Va"]
[Black "Ivkina,O"]
[Result "0-1"]
[WhiteElo "2006"]
[BlackElo "2198"]

1.Nf3 Nf6 2.c4 g6 3.Nc3 Bg7 4.e4 d6 5.d4 O-O 6.Be2 Na6 7.O-O e5 8.Be3 Ng4
9.Bg5 Qe8 10.dxe5 dxe5 11.h3 Nf6 12.a3 c6 13.Qd6 Be6 14.Rfd1 h6 15.Be3 Nh5
16.b4 Nf4 17.Bf1 g5 18.b5 Nb8 19.Rac1 f6 20.Bxf4 gxf4 21.Nh4 Qc8 22.Ng6 Kf7
23.Nxf8 Bxf8 24.Qd3 Bxa3 25.Ra1 Bc5 26.Qf3 Nd7 27.Na4 Bd4 28.Rac1 Qf8 29.Rxd4 exd4
30.c5 Ne5 31.Qxf4 Qg7 32.Kh2 Qg5 33.g3 Qxf4 34.gxf4 Nf3+ 35.Kg2 Nd2 36.bxc6 bxc6
37.f5 Bb3 38.Nb2 Rg8+ 39.Kh1 Nxe4 40.Nd3 Bd5 41.Kh2 Nd2 42.Nf4 Nf3+ 43.Kh1 Rg1+  0-1

[Event "TCh-ESP Honor Gp2"]
[Site "Torrelavega ESP"]
[Date "2007.06.27"]
[Round "1"]
[White "Llanes Hurtado,M"]
[Black "Bernal Moro,L"]
[Result "1/2-1/2"]
[WhiteElo "2441"]
[BlackElo "2431"]

1.d4 Nf6 2.Nf3 g6 3.c4 Bg7 4.Nc3 O-O 5.e4 d6 6.Be2 e5 7.O-O c6 8.Be3 exd4
9.Nxd4 Re8 10.f3 d5 11.cxd5 Nxd5 12.Nxd5 cxd5 13.Qb3 Nc6 14.Rad1 Nxd4 15.Bxd4 Bxd4+
16.Rxd4 Qf6 17.Qxd5 Be6 18.Qc5 Rec8 19.Qb4 a5 20.Qd2 Rc2 21.Qxc2 Qxd4+ 22.Kh1 Rc8
23.Qb1 Qd2 24.Bd3 Bxa2 25.Qxa2 Qxd3 26.Rg1 b6 27.Qa4 Qd2 28.b3 h5 29.h3 Rc5
30.Qa1 Rc2 31.Qe5 Qd8 32.f4 Qc7 33.Qg5 Rc1  1/2-1/2

[Event "TCh-ESP Honor Gp2"]
[Site "Torrelavega ESP"]
[Date "2007.06.27"]
[Round "1"]
[White "Caselas Cabanas,J"]
[Black "Torrecillas Martinez,A"]
[Result "1-0"]
[WhiteElo "2423"]
[BlackElo "2385"]

1.d4 d6 2.Nf3 Nf6 3.c4 g6 4.Nc3 Bg7 5.e4 O-O 6.Be2 e5 7.Be3 exd4 8.Nxd4 Re8
9.f3 c6 10.Qd2 d5 11.exd5 cxd5 12.O-O Nc6 13.Rfd1 Nxd4 14.Bxd4 dxc4 15.Bxc4 Be6
16.Bb5 Re7 17.Qf2 Qc8 18.Qh4 a6 19.Bf1 h6 20.Bxf6 g5 21.Qd4  1-0

[Event "Open"]
[Site "Pula CRO"]
[Date "2007.06.28"]
[Round "7"]
[White "Pitic,J"]
[Black "Rukavina,J"]
[Result "0-1"]
[WhiteElo "2227"]
[BlackElo "2382"]

1.d4 d6 2.Nf3 g6 3.c4 Bg7 4.Nc3 Nd7 5.e4 e5 6.Be2 Ngf6 7.O-O O-O 8.Re1 c6
9.Bf1 a5 10.a3 exd4 11.Nxd4 Nc5 12.Rb1 Re8 13.f3 a4 14.Be3 Nfd7 15.Qd2 Ne5
16.Rbd1 Qa5 17.Nc2 Be6 18.Qxd6 Na6 19.Qd2 Bxc4 20.Qf2 Bf8 21.Bb6 Qxb6 22.Qxb6 Bc5+
23.Qxc5 Nxc5 24.Bxc4 Nxc4 25.Rd4 Nxb2 26.Rb1 Nbd3 27.Rd1 Nf4 28.Rc4 Nfe6
29.Nd4 Nxd4 30.Rdxd4 Ra5 31.Rd1 Kf8 32.Rb1 Rd8 33.Rbb4 Rd3 34.Kf1 Ne6 35.Rxb7 Rc5
36.Rxc5 Nxc5 37.Rb8+ Ke7 38.Nb1 Rd1+ 39.Ke2 Rg1 40.Kf2 Rc1 41.Nd2 Rc3 42.Nb1 Rc2+
43.Ke3 Rxg2 44.Nd2 Rxh2 45.Ra8 h5 46.Ra5 Rxd2 47.Rxc5 Ra2 48.Rxc6 Rxa3+ 49.Kf4 Rb3
50.Ra6 a3  0-1

[Event "Open"]
[Site "Pula CRO"]
[Date "2007.06.28"]
[Round "7"]
[White "Medic,Milj"]
[Black "Ljubicic,F"]
[Result "0-1"]
[WhiteElo "2240"]
[BlackElo "2396"]

1.d4 Nf6 2.c4 g6 3.Nc3 Bg7 4.e4 d6 5.Nf3 O-O 6.Be2 e5 7.Be3 exd4 8.Nxd4 Re8
9.f3 c6 10.Nb3 d5 11.Bg5 h6 12.Bxf6 Qxf6 13.cxd5 cxd5 14.Nxd5 Qh4+ 15.g3 Qd8
16.Qc2 Nc6 17.Rd1 Be6 18.h4 Bxd5 19.exd5 Nb4 20.Qc5 a5 21.d6 b6 22.Qc4 Rc8
23.Qb5 Re5 24.Qa4 Rc2 25.Nd4 Rxb2 26.d7 b5 27.Qa3  0-1

[Event "Open"]
[Site "Pula CRO"]
[Date "2007.06.28"]
[Round "7"]
[White "Nemet,I"]
[Black "Andersen,L NOR"]
[Result "1-0"]
[WhiteElo "2381"]
[BlackElo "2247"]

1.d4 Nf6 2.Nf3 g6 3.c4 Bg7 4.Nc3 O-O 5.e4 d6 6.Be2 e5 7.Be3 exd4 8.Nxd4 Nbd7
9.O-O Nc5 10.f3 Nh5 11.Qd2 a6 12.Rad1 Ne6 13.f4 Nxd4 14.Bxd4 Nf6 15.c5 Re8
16.cxd6 cxd6 17.Bf3 Be6 18.Qf2 Ng4 19.Bxg4 Bxg4 20.Bxg7 Kxg7 21.Rd2 b5 22.f5 Qf6
23.h3 Bh5 24.g4 b4 25.Nd5 Qg5 26.Qd4+ Kh6 27.Rg2  1-0

[Event "CIQ"]
[Site "Quebec CAN"]
[Date "2007.06.28"]
[Round "7"]
[White "Bolduc,S"]
[Black "Fareh,Y"]
[Result "1-0"]
[WhiteElo "2262"]
[BlackElo "2187"]

1.d4 Nf6 2.c4 g6 3.Nc3 Bg7 4.e4 d6 5.Be2 O-O 6.Nf3 e5 7.O-O exd4 8.Nxd4 Re8
9.f3 Nc6 10.Nc2 Nh5 11.g4 Nf6 12.Bg5 h6 13.Be3 Nh7 14.Qd2 g5 15.Rad1 Be6
16.b3 a6 17.Nd5 Bxd5 18.cxd5 Ne5 19.Nd4 Ng6 20.Nf5 Bf8 21.Rc1 Ne7 22.Ng3 Bg7
23.Bd4 Bxd4+ 24.Qxd4 f6 25.Rc2 Qd7 26.Rfc1 Rec8 27.Rc3 Kf7 28.Qd1 Kg7 29.Bd3 Nf8
30.Qc2 c5 31.dxc6 bxc6 32.Bc4 Nh7 33.Rd1 Rd8 34.Rcd3 Qa7+ 35.Qf2 Qc7 36.Kh1 d5
37.exd5 cxd5 38.Bxd5 Nxd5 39.Rxd5 Rxd5 40.Rxd5 Qc1+ 41.Kg2 Nf8 42.Qd4 Qc2+
43.Kh3 Qc6 44.Ne4 Ng6 45.Rd7+ Kf8 46.Qxf6+ Qxf6 47.Nxf6 Nf4+ 48.Kg3 Rc8 49.Rd2 Rc1
50.Kf2 a5 51.Ke3 a4 52.bxa4 Rc3+ 53.Ke4 Ra3 54.Nd7+ Ke7 55.Nb6 Ne6 56.Rd7+ Kf6
57.Nd5+ Kg6 58.Rd6 Kf7 59.Ke5 Nf8 60.Rxh6 Ng6+ 61.Kf5 Rxf3+ 62.Kxg5 Rd3 63.Rh7+ Kf8
64.Kxg6 Rxd5 65.Rf7+  1-0

[Event "White Nights"]
[Site "St Petersburg RUS"]
[Date "2007.06.28"]
[Round "4"]
[White "Giri,A"]
[Black "Utkin,Alek"]
[Result "1/2-1/2"]
[WhiteElo "2218"]
[BlackElo "2376"]

1.Nf3 Nf6 2.d4 g6 3.c4 Bg7 4.Nc3 O-O 5.e4 d6 6.Be2 Nbd7 7.O-O e5 8.Be3 c6
9.Qc2 exd4 10.Nxd4 Re8 11.Rad1 Qe7 12.f3 a5 13.Rfe1 Nc5 14.b3 Nh5 15.Bf1 Be5
16.g3 Bg7 17.Bg2 Nf6 18.h3 Nh5 19.g4 Nf6 20.f4 Bxg4 21.hxg4 Nxg4 22.Bf2 Qf6
23.Bg3 h5 24.Qe2 Qxd4+  1/2-1/2

[Event "TCh-ESP Honor Gp2"]
[Site "Torrelavega ESP"]
[Date "2007.06.28"]
[Round "2"]
[White "Llanes Hurtado,M"]
[Black "Teran Alvarez,I"]
[Result "1-0"]
[WhiteElo "2441"]
[BlackElo "2425"]

1.d4 Nf6 2.Nf3 g6 3.c4 Bg7 4.Nc3 O-O 5.e4 d6 6.Be2 Na6 7.O-O e5 8.Be3 h6
9.Ne1 Nh7 10.d5 f5 11.exf5 gxf5 12.f4 Qe7 13.Qd2 exf4 14.Bxf4 Ng5 15.Nf3 Ne4
16.Nxe4 fxe4 17.Nd4 Rf6 18.Be3 Bd7 19.Rxf6 Qxf6 20.Rf1 Qe5 21.Qd1 c5 22.dxc6 bxc6
23.Bg4 c5 24.Nf5 Rf8 25.Bf4 Qxb2 26.Ne7+ Kh7 27.Bxd7 Qd4+ 28.Qxd4 Bxd4+ 29.Kh1 Rf7
30.Bf5+ Kg7 31.Bxd6 Nb4 32.Rf4 e3 33.Rg4+  1-0

[Event "4th Open"]
[Site "Proville FRA"]
[Date "2007.06.29"]
[Round "1"]
[White "Chion,A"]
[Black "Colin,V"]
[Result "0-1"]
[WhiteElo "1928"]
[BlackElo "2437"]

1.d4 Nf6 2.c4 g6 3.Nc3 Bg7 4.e4 d6 5.Nf3 O-O 6.Be2 e5 7.O-O exd4 8.Nxd4 Re8
9.Bf3 Nbd7 10.Bf4 Ne5 11.Bxe5 Rxe5 12.g3 Bh3 13.Re1 Qd7 14.Bh1 c6 15.f4 Re7
16.Nf3 Qc7 17.Qb3 Rae8 18.Rad1 Qa5  0-1

[Event "Open"]
[Site "Pula CRO"]
[Date "2007.06.29"]
[Round "8"]
[White "Jovanic,O"]
[Black "Krstic,U"]
[Result "1/2-1/2"]
[WhiteElo "2488"]
[BlackElo "2361"]

1.d4 Nf6 2.c4 g6 3.Nc3 Bg7 4.e4 d6 5.Nf3 O-O 6.Be2 e5 7.Be3 Nbd7 8.O-O Re8
9.d5 Ng4 10.Bg5 f6 11.Bh4 h5 12.h3 Nh6 13.Ne1 a5 14.Nd3 g5 15.Bg3 h4 16.Bh2 f5
17.Bh5 Re7 18.f3 Nf6 19.Bg6 g4 20.fxg4 fxg4 21.hxg4 Nfxg4 22.Qe2 Bf6 23.Bf5 Rg7
24.Bxc8 Qxc8 25.Rf3 Bg5 26.Raf1 Kh7 27.Nd1 Nxh2 28.Kxh2 Qg4 29.Kh1 Be7 30.R3f2 Qg6
31.Rf3 Rag8 32.Ne1 Qh5 33.R3f2 Qg6 34.Rf3 Qh5 35.R3f2 Qg6 36.Rf3 Qh5  1/2-1/2

[Event "Asian Youth BU16"]
[Site "Tashkent UZB"]
[Date "2007.06.29"]
[Round "2"]
[White "Ashwath,R"]
[Black "Davletbakov,S"]
[Result "1-0"]
[WhiteElo "2263"]
[BlackElo "2174"]

1.d4 Nf6 2.c4 g6 3.Nc3 Bg7 4.e4 d6 5.Nf3 O-O 6.Be2 Nbd7 7.O-O e5 8.d5 a5
9.Qc2 Nc5 10.Bg5 Bd7 11.Nd2 Qc8 12.b3 Bg4 13.f3 Bd7 14.a3 h6 15.Be3 Na6 16.Qb2 Nh5
17.Rfb1 Nf4 18.Bf1 Nc5 19.Qc2 f5 20.b4 Na6 21.Qb3 b6 22.c5 axb4 23.cxb6 fxe4
24.Ncxe4 Kh7 25.axb4 cxb6 26.Nc4 Nc7 27.Nxb6 Rxa1 28.Nxc8 Rxb1 29.Qxb1 Bxc8
30.Nxd6 Ncxd5 31.Bc5 Bd7 32.b5 Ne6 33.Ba7 Nd4 34.b6 Nc3 35.Qe1 Nd5 36.b7 Nc6
37.Bb5 Nde7 38.Bxc6 Nxc6 39.Qb1 e4 40.Nxe4 Be5 41.Bc5 Rf5 42.Bd6 Bd4+ 43.Kh1 Ba7
44.Qb2 Bd4 45.Qxd4 Nxd4 46.b8=Q Rb5 47.Nf6+  1-0

[Event "Asian Youth GU18"]
[Site "Tashkent UZB"]
[Date "2007.06.29"]
[Round "2"]
[White "Hamrakulova,Y"]
[Black "Lakshmi,Sah"]
[Result "1-0"]
[WhiteElo "2182"]
[BlackElo "2134"]

1.d4 Nf6 2.c4 g6 3.Nc3 Bg7 4.e4 d6 5.Nf3 O-O 6.Be2 e5 7.O-O Na6 8.Be3 Ng4
9.Bg5 Qe8 10.dxe5 dxe5 11.h3 h6 12.Bd2 Nf6 13.Be3 Qe7 14.Nd5 Qd8 15.Nxf6+ Qxf6
16.c5 Nb8 17.b4 Nc6 18.Rb1 Qe7 19.Qc2 a5 20.b5 Nd4 21.Nxd4 exd4 22.Bc1 Re8
23.Bd3 Bf8 24.c6 bxc6 25.Qxc6 Be6 26.a4 Red8 27.Bf4 Rac8 28.Rfc1 Qa3 29.Bc4 Bxc4
30.Qxc4 Qe7 31.Bxc7 Qxe4 32.b6 Rd7 33.Qc6 Qe7  1-0

[Event "Spring A"]
[Site "Volodarskij RUS"]
[Date "2007.06.29"]
[Round "4"]
[White "Nikolaenko,V"]
[Black "Kuznetsov,Sergei"]
[Result "1/2-1/2"]
[WhiteElo "2188"]
[BlackElo "2396"]

1.d4 Nf6 2.c4 g6 3.Nc3 Bg7 4.e4 d6 5.Nf3 O-O 6.Be2 e5 7.dxe5 dxe5 8.Qxd8 Rxd8
9.Bg5 Re8 10.Nd5 Nxd5 11.cxd5 c6 12.Rd1 h6 13.Be3 cxd5 14.Bb5 Rd8 15.Rxd5 Rxd5
16.exd5 a6 17.Bc4 Nd7 18.Ke2 e4 19.Nd4 Nb6 20.Bb3 Bg4+ 21.f3 exf3+ 22.Nxf3 Re8
23.Kf2 Nc8 24.h3 Bf5 25.Rc1 Bxb2 26.Rc7 Nd6 27.Bxh6 Ba3 28.Bf4 Bc5+ 29.Kg3 Rc8
30.Rxc8+ Nxc8 31.Ne5 Kg7 32.Ng4 Bd6 33.Ne3 Kf6 34.Nxf5 Kxf5 35.Bc2+ Kf6 36.Kf3  1/2-1/2

[Event "White Nights"]
[Site "St Petersburg RUS"]
[Date "2007.06.30"]
[Round "6"]
[White "Golovenchits,B"]
[Black "Fedoseev,Vl3"]
[Result "0-1"]
[WhiteElo "2043"]
[BlackElo "2188"]

1.d4 Nf6 2.Nf3 g6 3.c4 Bg7 4.Nc3 O-O 5.e4 d6 6.Be2 e5 7.Be3 exd4 8.Nxd4 Re8
9.f3 c6 10.Bf2 d5 11.exd5 cxd5 12.O-O Nc6 13.c5 Nh5 14.Qd2 Bxd4 15.Bxd4 Ng7
16.Bxg7 Kxg7 17.Bb5 a6 18.Ba4 Be6 19.Kh1 Qh4 20.a3 Qc4 21.b4 a5 22.Bb5 Qh4
23.Ne2 Bf5 24.g3 Qf6 25.Bxc6 bxc6 26.Nd4 Bh3 27.Rfe1 axb4 28.axb4 Rxe1+ 29.Rxe1 Ra3
30.Kg1 h5 31.Kf2 g5 32.f4 Ra2 33.Qxa2 Qxd4+  0-1

[Event "Asian Youth BU18"]
[Site "Tashkent UZB"]
[Date "2007.06.30"]
[Round "3"]
[White "Lalith,B"]
[Black "Kasyan,A"]
[Result "1/2-1/2"]
[WhiteElo "2320"]
[BlackElo "2267"]

1.Nf3 Nf6 2.c4 g6 3.Nc3 Bg7 4.e4 d6 5.d4 O-O 6.Be2 e5 7.dxe5 dxe5 8.Qxd8 Rxd8
9.Bg5 Re8 10.O-O-O h6 11.Bh4 Nc6 12.Bg3 Bg4 13.h3 Bxf3 14.Bxf3 Nd4 15.Bxe5 Nxf3
16.Bxf6 Bxf6 17.gxf3 Bxc3 18.bxc3 Re6 19.Kc2 Ra6 20.Kb2 Re8 21.Rd7 Rc6 22.Kb3 Re5
23.Rhd1 Rh5 24.Rh1 Rhc5 25.Rd4 Rb6+ 26.Kc2 Rf6  1/2-1/2

[Event "TCh-ESP Honor Gp2"]
[Site "Torrelavega ESP"]
[Date "2007.06.30"]
[Round "4"]
[White "Bernal Moro,L"]
[Black "Torrecillas Martinez,A"]
[Result "1/2-1/2"]
[WhiteElo "2431"]
[BlackElo "2385"]

1.Nf3 Nf6 2.c4 g6 3.Nc3 Bg7 4.e4 d6 5.d4 O-O 6.Be2 e5 7.Be3 Ng4 8.Bg5 f6
9.Bc1 Nc6 10.d5 Ne7 11.h3 Nh6 12.h4 c5 13.h5 g5 14.Nh2 a6 15.g4 Bd7 16.Bd2 Qc7
17.a3 Rfb8 18.Nf1 Bf8 19.Ne3 Nc8 20.O-O Be7 21.b4 b6 22.Bd3 Kg7 23.Qe2 Bd8
24.Kg2 Ne7 25.f3 Qc8 26.Rfb1 Bc7 27.Rb2 Qd8 28.Rab1 Nf7 29.Bc2 Qe8 30.Qd1 Nd8
31.Bd3 Nb7 32.Nf5+ Nxf5 33.exf5 h6 34.Ne4 Kf7 35.Be3 Ke7 36.Bc2 Kf7 37.Qd3 Ke7
38.Qc3 Qg8 39.Kh3 Qf8 40.Kh2 Qh8 41.Kh3 Qf8 42.Bd1 Qh8 43.Bf2 Kf7 44.Be2 Qd8
45.Bd3 Qh8 46.Re2 a5 47.bxc5 Nxc5 48.Bc2 Qd8 49.Ree1 Ra7 50.Rb2 Rab7 51.Reb1 Bc8
52.Bxc5 bxc5 53.Ba4 Rxb2 54.Rxb2 Ba6 55.Nd2 Ke7 56.Rb3 Qc8 57.Qb2 Rxb3 58.Qxb3 Qa8
59.Kg3 Qa7 60.Kf2 Kd8 61.Ke2 Ke7 62.Kd1 Bd8 63.Kc2 Bc7 64.Ne4 Bd8 65.Nc3 Bb6
66.Bb5 Bc8 67.Qa4 Qb8 68.Ne4 Bc7 69.Bc6 Qa7 70.Nc3 Bb6 71.Kb2 Qb8 72.Qb3 Qa7
73.Nb5 Qb8 74.Ka2 Ba6 75.Nc3 Qa7 76.Bb5 Bc8 77.Qc2 Bd8 78.Kb3 Bb6 79.Ka4 Bd8
80.Ne4 Qc7 81.Qd1 Qb6 82.Qe1 Kf7 83.Qc3 Ke7 84.Qc2 Kf7 85.Qb3 Ke7 86.Nc3 Qa7
87.Bc6 Ba6 88.Nb5 Qb6 89.Nc3 Qa7 90.Bb5 Bc8 91.Qc2 Kf7 92.Kb3 Qb8 93.Kb2 Qa7
94.Qa4 Qb8 95.Kc2 Ke7 96.Be8 Qa7 97.Qc6 Qc7 98.Qxc7+ Bxc7 99.Bb5 Bd8 100.Kb3 Bb6
101.Ka4 Bd8 102.Ne4 Bb6 103.Nd2 Kd8 104.Nb3 Kc7 105.Nd2 Kd8 106.Ne4 Ke7 107.Nc3 Kd8  1/2-1/2

[Event "TCh-ESP Honor Gp2"]
[Site "Torrelavega ESP"]
[Date "2007.06.30"]
[Round "4"]
[White "Delchev,A"]
[Black "Narciso Dublan,M"]
[Result "1-0"]
[WhiteElo "2600"]
[BlackElo "2539"]

1.d4 Nf6 2.c4 g6 3.Nc3 Bg7 4.e4 d6 5.Nf3 O-O 6.Be2 e5 7.d5 Na6 8.Bg5 h6 9.Bh4 g5
10.Bg3 Nxe4 11.Nxe4 f5 12.Nfd2 fxe4 13.Nxe4 Bf5 14.Bd3 g4 15.O-O Qe8 16.a3 Qg6
17.Qe2 c6 18.Rad1 cxd5 19.cxd5 Rac8 20.b4 Nc7 21.Rfe1 Na8 22.a4 Nb6 23.a5 Nd7
24.Bh4 Rf7 25.Rc1 Rxc1 26.Rxc1 Nf6 27.Rc8+ Kh7 28.Bxf6 Bxf6 29.Qc2 Kg7 30.Ra8 a6
31.Rb8 h5 32.Nxf6 Kxf6 33.Re8 Qg5 34.Bxf5 Qxf5 35.Re6+ Kg5 36.Qxf5+ Kxf5
37.Rxd6 Ke4 38.Rd8 Kd4 39.d6 Kc4 40.Rc8+ Kxb4 41.Rc7 Rf4 42.Rxb7+ Kxa5 43.d7 Rd4
44.Kf1 Ka4 45.Ke2 a5 46.Ke3 Ka3 47.f4 gxf3 48.gxf3 a4 49.f4 Rd1 50.fxe5 Ka2
51.e6 a3 52.Rb8  1-0

[Event "Kotov Mem"]
[Site "Tula RUS"]
[Date "2007.06.30"]
[Round "1"]
[White "Zakharevich,I"]
[Black "Bagirov,R"]
[Result "1/2-1/2"]
[WhiteElo "2463"]
[BlackElo "2487"]

1.d4 Nf6 2.c4 d6 3.Nc3 g6 4.e4 Bg7 5.Nf3 O-O 6.Be2 e5 7.dxe5 dxe5 8.Qxd8 Rxd8
9.Bg5 Re8 10.Nd5 Nxd5 11.cxd5 c6 12.Bc4 cxd5 13.Bxd5 Nc6 14.Bxc6 bxc6 15.O-O Be6
16.Rfc1 Reb8 17.b3 a5 18.Rxc6 a4 19.bxa4 Rxa4 20.Nd2 Rxa2 21.Rxa2 Bxa2 22.Ra6 Bc4  1/2-1/2